• 首页
  • 本馆介绍
  • 公告通知
  • 最新文献
  • 馆藏检索
  • 电子资源
  • 读者导购
  • 参考咨询
  • 我的图书馆
  • 登录
  • 详细信息显示
  • 放入我的书架
  • 预约/预借图书
  • 作者相关作品
  • 分类相关作品
  • 丛书相关作品
  • 出版社相关作品

书目信息

  • 表格格式
  • 工作单格式
  • 卡片格式
题名:
中国担保制度与担保方法
    
 
作者: 曹士兵 著
分册:  
出版信息: 北京   中国法制出版社  2017.05
页数: 10,435页
开本: 24cm
丛书名:
单 册:
中图分类: D923.34
科图分类:
主题词: 担保法--研究--中国
电子资源:
ISBN: 978-7-5093-8471-8
000 00962nam0 2200265 450
001 0120172205250
005 20170908092702.73
010    @a978-7-5093-8471-8@dCNY88.00
100    @a20170623d2017 em y0chiy50 ea
101 0  @achi
102    @aCN@b110000
105    @ay z 000yy
106    @ar
200 1  @a中国担保制度与担保方法@9zhong guo dan bao zhi du yu dan bao fang fa@dGuarantee law of China@f曹士兵著@zeng
205    @a4版
210    @a北京@c中国法制出版社@d2017.05
215    @a10,435页@d24cm
330    @a本书结合生动案例剖析解决担保实践难题,全面详解中国担保制度与法律规则,深入探讨运用担保方法助力资本创新。内容包括:总则;保证;抵押;质押;留置;定金;担保纠纷案件诉讼程序与管辖。
333    @a法律研究人员,法律工作者
510 1  @aGuarantee law of China@zeng
606 0  @a担保法@x研究@y中国
690    @aD923.34@v5
701  0 @a曹士兵@9cao shi bing@4著
801  0 @aCN@b人天书店@c20170623
905    @b994824-29@dD923.34@e1585=4@f6
    
    中国担保制度与担保方法=Guarantee law of China/曹士兵著.-4版.-北京:中国法制出版社,2017.05
    10,435页;24cm
    使用对象:法律研究人员,法律工作者
    
    ISBN 978-7-5093-8471-8:CNY88.00
    本书结合生动案例剖析解决担保实践难题,全面详解中国担保制度与法律规则,深入探讨运用担保方法助力资本创新。内容包括:总则;保证;抵押;质押;留置;定金;担保纠纷案件诉讼程序与管辖。
●
相关链接 在E读中查询图书 在五车中查询图书 在当当中查询图书 在豆瓣中查询图书


正题名:中国担保制度与担保方法     索取号:D923.34/1585=4         预约/预借

序号 登录号 条形码 馆藏地/架位号 状态 备注
1 994824   209948244   第一样本阅览室/ [索取号:D923.34/1585=4] 在馆    
2 994825   209948253   第一借阅区/ [索取号:D923.34/1585=4] 在馆    
3 994826   209948262   密集书库-史法系/ [索取号:D923.34/1585=4] 在馆    
4 994827   209948271   第一借阅区/ [索取号:D923.34/1585=4] 在馆    
5 994828   209948280   第一借阅区/ [索取号:D923.34/1585=4] 在馆    
6 994829   209948299   第一借阅区/ [索取号:D923.34/1585=4] 在馆    
唐山师范学院图书馆 欢迎您!
大连网信软件有限公司© 版权所有